<?xml version="1.0" encoding="UTF-8"?>
<record
    xmlns:xsi="http://www.w3.org/2001/XMLSchema-instance"
    xsi:schemaLocation="http://www.loc.gov/MARC21/slim http://www.loc.gov/standards/marcxml/schema/MARC21slim.xsd"
    xmlns="http://www.loc.gov/MARC21/slim">

  <leader>00935nas a2200229 a 4500</leader>
  <controlfield tag="005">20250415092505.0</controlfield>
  <controlfield tag="007">ta</controlfield>
  <controlfield tag="008">250122e2024    dr z||p|r||||||0| 0|spa d</controlfield>
  <datafield tag="022" ind1=" " ind2=" ">
    <subfield code="a">2811-5163</subfield>
  </datafield>
  <datafield tag="040" ind1=" " ind2=" ">
    <subfield code="a">DO-SdBNP</subfield>
    <subfield code="c">BNPHU</subfield>
    <subfield code="e">rda</subfield>
  </datafield>
  <datafield tag="041" ind1=" " ind2=" ">
    <subfield code="h">spa</subfield>
  </datafield>
  <datafield tag="110" ind1=" " ind2=" ">
    <subfield code="a">Rep&#xFA;blica Dominicana, Ministerio de Salud P&#xFA;blica</subfield>
    <subfield code="9">86901</subfield>
  </datafield>
  <datafield tag="245" ind1=" " ind2=" ">
    <subfield code="a">Bolet&#xED;n informativo curso de vida : </subfield>
    <subfield code="b">bolet&#xED;n cuatrimestral no. 2 /</subfield>
    <subfield code="c">Ministerio de Salud P&#xFA;blica.</subfield>
  </datafield>
  <datafield tag="260" ind1=" " ind2=" ">
    <subfield code="a">Santo Domingo, Rep&#xFA;blica : </subfield>
    <subfield code="b">Ministerio de Salud P&#xFA;blica, </subfield>
    <subfield code="c">[2024].</subfield>
  </datafield>
  <datafield tag="300" ind1=" " ind2=" ">
    <subfield code="a">volumen : </subfield>
    <subfield code="b">ilustraciones, fotograf&#xED;as ; </subfield>
    <subfield code="c">25 cm.</subfield>
  </datafield>
  <datafield tag="310" ind1=" " ind2=" ">
    <subfield code="a">Cuatrimestral.</subfield>
  </datafield>
  <datafield tag="362" ind1=" " ind2=" ">
    <subfield code="a">No. 2. Septiembre-Diciembre 2024.</subfield>
  </datafield>
  <datafield tag="650" ind1=" " ind2="0">
    <subfield code="a">Salud</subfield>
    <subfield code="v">Publicaciones peri&#xF3;dicas</subfield>
    <subfield code="9">1687</subfield>
  </datafield>
  <datafield tag="651" ind1=" " ind2="0">
    <subfield code="a">Rep&#xFA;blica Domincana</subfield>
    <subfield code="9">86749</subfield>
    <subfield code="x">Salud p&#xFA;blica </subfield>
    <subfield code="v">Publicaciones peri&#xF3;dicas</subfield>
  </datafield>
  <datafield tag="856" ind1=" " ind2=" ">
    <subfield code="u">https://repositorio.msp.gob.do/bitstream/handle/123456789/2283/2811-5163.pdf?sequence=1</subfield>
  </datafield>
  <datafield tag="942" ind1=" " ind2=" ">
    <subfield code="2">ddc</subfield>
    <subfield code="c">ISSUE</subfield>
  </datafield>
  <datafield tag="952" ind1=" " ind2=" ">
    <subfield code="0">0</subfield>
    <subfield code="1">0</subfield>
    <subfield code="2">ddc</subfield>
    <subfield code="4">0</subfield>
    <subfield code="5">6</subfield>
    <subfield code="7">0</subfield>
    <subfield code="8">SE</subfield>
    <subfield code="a">BNPHU</subfield>
    <subfield code="b">BNPHU</subfield>
    <subfield code="d">2025-01-22</subfield>
    <subfield code="h">No. 2. Septiembre-Diciembre 2024.</subfield>
    <subfield code="l">0</subfield>
    <subfield code="p">2025-0221</subfield>
    <subfield code="r">2025-01-22</subfield>
    <subfield code="t">e.1</subfield>
    <subfield code="w">2025-01-22</subfield>
    <subfield code="y">ISSUE</subfield>
    <subfield code="z">Ruta de la salud: Cambia tu estilo de vida.</subfield>
  </datafield>
  <datafield tag="952" ind1=" " ind2=" ">
    <subfield code="0">0</subfield>
    <subfield code="1">0</subfield>
    <subfield code="2">ddc</subfield>
    <subfield code="4">0</subfield>
    <subfield code="5">6</subfield>
    <subfield code="7">0</subfield>
    <subfield code="8">SE</subfield>
    <subfield code="a">BNPHU</subfield>
    <subfield code="b">BNPHU</subfield>
    <subfield code="d">2025-01-22</subfield>
    <subfield code="h">No. 2. Septiembre-Diciembre 2024.</subfield>
    <subfield code="l">0</subfield>
    <subfield code="p">2025-0222</subfield>
    <subfield code="r">2025-01-22</subfield>
    <subfield code="t">e.2</subfield>
    <subfield code="w">2025-01-22</subfield>
    <subfield code="y">ISSUE</subfield>
    <subfield code="z">Ruta de la salud: Cambia tu estilo de vida.</subfield>
  </datafield>
  <datafield tag="952" ind1=" " ind2=" ">
    <subfield code="0">0</subfield>
    <subfield code="1">0</subfield>
    <subfield code="2">ddc</subfield>
    <subfield code="4">0</subfield>
    <subfield code="5">6</subfield>
    <subfield code="7">0</subfield>
    <subfield code="8">SE</subfield>
    <subfield code="a">BNPHU</subfield>
    <subfield code="b">BNPHU</subfield>
    <subfield code="d">2025-01-22</subfield>
    <subfield code="h">No. 2. Septiembre-Diciembre 2024.</subfield>
    <subfield code="l">0</subfield>
    <subfield code="p">2025-0223</subfield>
    <subfield code="r">2025-01-22</subfield>
    <subfield code="t">e.3</subfield>
    <subfield code="w">2025-01-22</subfield>
    <subfield code="y">ISSUE</subfield>
    <subfield code="z">Ruta de la salud: Cambia tu estilo de vida.</subfield>
  </datafield>
  <datafield tag="999" ind1=" " ind2=" ">
    <subfield code="c">58075</subfield>
    <subfield code="d">58075</subfield>
  </datafield>
</record>
